| 000 | 00834nas a2200277 4500 | ||
|---|---|---|---|
| 001 | BR0000297 | ||
| 003 | BR-BrBNA | ||
| 005 | 20231205101631.0 | ||
| 007 | ta | ||
| 008 | 230509b bl.|||p| |||| 00| 00por d | ||
| 040 |
_aBR-BrBNA _bpor _cBiblioteca Nacional de Agricultura |
||
| 041 | _a(Pt) | ||
| 072 | _aF02 | ||
| 100 | 1 | _aFachinello, J.C. | |
| 100 | 1 | _aMusacchi, S. | |
| 100 | 1 | _aZuccherelli, S. | |
| 100 | 1 | _aSansavini, S. | |
| 245 | 1 | _aEfeito da interacao porta-enxerto copa no padrao isoenzimatico de plantas de pereira | |
| 650 | _aPera | ||
| 650 | _aVariedade | ||
| 650 | _aPorta Enxerto | ||
| 650 | _aAtividade Enzimica | ||
| 773 | 0 |
_tRevista Brasileira de Fruticultura (Brazil) _xISSN 0100-2945 _g(Dec 1999), v. 21(3) p. 288-296 _wBR0000297 |
|
| 909 |
_a202311 _bLúcia _c55 _dLúcia Elande |
||
| 942 |
_2AGRIS _n0 _cANA |
||
| 999 |
_c162937 _d162937 |
||